Introduction to Indian Knowledge System (Record no. 356205)
[ view plain ]
| 000 -LEADER | |
|---|---|
| fixed length control field | 00433 a2200157 4500 |
| 005 - DATE AND TIME OF LATEST TRANSACTION | |
| control field | 20240812145548.0 |
| 008 - FIXED-LENGTH DATA ELEMENTS--GENERAL INFORMATION | |
| fixed length control field | 231205b |||||||| |||| 00| 0 eng d |
| 020 ## - INTERNATIONAL STANDARD BOOK NUMBER | |
| International Standard Book Number | 9789391818203 |
| 041 ## - LANGUAGE CODE | |
| Language code of text/sound track or separate title | eng |
| 100 ## - MAIN ENTRY--PERSONAL NAME | |
| Author | Mahadevan B. |
| 245 ## - TITLE STATEMENT | |
| Title | Introduction to Indian Knowledge System |
| Remainder of title | Concepts And Applications |
| 260 ## - PUBLICATION, DISTRIBUTION, ETC. | |
| Name of publisher, distributor, etc. | PHI Learning Private Limited |
| Date of publication, distribution, etc. | 2023 |
| 300 ## - PHYSICAL DESCRIPTION | |
| Extent | 417 |
| 700 ## - ADDED ENTRY--PERSONAL NAME | |
| Personal name | Bhat V.R. |
| 942 ## - ADDED ENTRY ELEMENTS (KOHA) | |
| Koha item type | Books |
| Withdrawn status | Lost status | Source of classification or shelving scheme | Damaged status | Not for loan | Home library | Current library | Date acquired | Vendor | Net Price | Full call number | Barcode | Date last seen | Actual Price | Bill Date | Koha item type |
|---|---|---|---|---|---|---|---|---|---|---|---|---|---|---|---|
| Dewey Decimal Classification | Cummins College of Engineering for Women Pune | Cummins College of Engineering for Women Pune | 27/09/2023 | 144 | 596.25 | 181.4 MAH | CCEP-BK-65394 | 15/09/2023 | 795.00 | 15/09/2023 | Books | ||||
| Dewey Decimal Classification | Cummins College of Engineering for Women Pune | Cummins College of Engineering for Women Pune | 27/09/2023 | 144 | 596.25 | 181.4 MAH | CCEP-BK-65395 | 15/09/2023 | 795.00 | 15/09/2023 | Books | ||||
| Dewey Decimal Classification | Cummins College of Engineering for Women Pune | Cummins College of Engineering for Women Pune | 27/09/2023 | 144 | 596.25 | 181.4 MAH | CCEP-BK-65396 | 15/09/2023 | 795.00 | 15/09/2023 | Books | ||||
| Dewey Decimal Classification | Cummins College of Engineering for Women Pune | Cummins College of Engineering for Women Pune | 27/09/2023 | 144 | 596.25 | 181.4 MAH | CCEP-BK-65397 | 15/09/2023 | 795.00 | 15/09/2023 | Books |